00485nam a2200241Ia 450000500170000000800460001702000150006303700070007804000080008504000080009304000080010104100080010904100080011708400150012508400080014010000150014824500130016324500150017626000140019126000200020526000090022530000090023420260401122157.0008 250103s9999 xx 000 0 eng d a8172015097 aTB aEDL beng cEDL 2eng aeng a891.21 MAN qEDL aMaan Singh 0aSubandhu 0cMaan Singh aNew Delhi bSahitya Akademi c1993 a137p